Visualizzazione normale
Vista MARC
- Boieldieu Francois
di Personal Name
Records bibliografici associati: 1
001 - CONTROL NUMBER
- control field: 12524
003 - CONTROL NUMBER IDENTIFIER
- control field: IT-RoPau
005 - DATE AND TIME OF LATEST TRANSACTION
- control field: 20140206222528.0
008 - FIXED-LENGTH DATA ELEMENTS
- fixed length control field: 140206|| aca||aabn | a|a d
040 ## - CATALOGING SOURCE
- Original cataloging agency: IT-RoPau
- Transcribing agency: IT-RoPau
100 ## - HEADING--PERSONAL NAME
- Personal name: Boieldieu Francois
- Dates associated with a name: Codice autore musica SPICS: 10769
- Relator term: Autore musica
- Name of part/section of a work: La dame blanche: overture
670 ## - SOURCE DATA FOUND
- Source citation: Work cat.: (IT-RoPau)103113: AA.VV. 794, Ballet Music & Entr'Actes From French Opera